LEADER 01423nam0 22003011i 450 001 UON00056654 005 20231205102249.507 100 $a20020107g19731976 |0itac50 ba 101 $aurd 102 $aPK 105 $a|||| 1|||| 200 1 $aKulliyat-e Sauda$fMirza Muhammad Rafi' Sauda$g[a cura di ] Muhammad Samsu'l-din Sadiqi 210 $aLahaur$cMajlis-e Taraqqi Urdu$d1973-76 215 $a2 v.$d21 cm 316 $aaltro inv. SA 30259$5IT-UONSI SIVIDb/030 410 1$1001UON00028764$12001 $aUrdu ka klasiki Adab$1210 $aLahor$cMajlis-e Taraqqi-e Adab, v. ; 22 cm$v122, 138 606 $aLINGUA URDU$xGrammatica$3UONC001008$2FI 620 $aPK$dLahore$3UONL000599 686 $aSI VI DB$cSUBCONT. INDIANO - LETTERATURA URDU - MEDIEVALE$2A 700 1$aSAUDA$bMirza Muhammad Rafi'$3UONV036086$0653516 702 1$aSADIQI$bMuhammad Samsu'l-din$3UONV036087 712 $aMajlis-i Taraqq?-i Adab$3UONV249606$4650 801 $aIT$bSOL$c20240220$gRICA 912 $aUON00056654 950 $aSIBA - SISTEMA BIBLIOTECARIO DI ATENEO$dSI SI VI Db 030 $eSI SA 30258 5 030 altro inv. SA 30259$sSmarrito 950 $aSIBA - SISTEMA BIBLIOTECARIO DI ATENEO$dSI SI VI Db 030 $eSI SA 30259 5 030 996 $aKulliyat-e Sauda$91149110 997 $aUNIOR